| 000 | 00780nam0a22002411 4500 | ||
|---|---|---|---|
| 001 | rc\222536 | ||
| 005 | 20250621002956.0 | ||
| 010 |
_a5-85099-001-1 _9100000 |
||
| 035 | _a(NLR Aleph) 005476630 | ||
| 090 |
_a5092074 _c5092074 |
||
| 100 | _a20030307d1992 |||y0rusy50 ca | ||
| 101 | 0 | _arus | |
| 102 | _aRU | ||
| 105 | _aa ||||||||| | ||
| 200 | 1 |
_aПривет мартышке _e[Для детей] _fГригорий Остер _g[Рис. С. Богачева, М. Байковой] |
|
| 210 |
_aФрязино _cВек-2 _dБ. г. (1992) |
||
| 215 |
_a12, [2] с. _cцв. ил. _d28 |
||
| 700 | 1 |
_aОстер _bГ.Б. _f1947- _gГригорий Бенционович |
|
| 801 | 0 |
_aRU _bNLR _gpsbo |
|
| 801 | 1 |
_aRU _bELAR _2rusmarc |
|
| 852 |
_aNLR _j92-8/273 |
||
| 942 | _cBOOK | ||
| 980 | _aNB | ||